000 00418nam a2200181Ia 4500
001 15981
005 20260306170236.0
008 260306t2009||||xx |||||||||||||| ||und||
041 _aESP
082 _a346.52
_bB25
100 _aBarros Bourie, Enrique
_eAUT
245 0 _aDerecho de daños
260 _c2009
300 _a221 páginas :
_c21 cm.
650 _aGEN
654 _aCDE
942 _cLIB
_dJUS
_fJUS
_2ddc
_n
999 _c15981
_d15981